000 00821nam2a22002291 4500
001 RU\NLR\A1SV\82442
005 20251203152403.2
035 _a(NLR Aleph) 009763868
090 _a13483587
_c13483587
100 _a20070924d1925 u y0rusy50 ca
101 1 _arus
_ceng
200 1 _aЛюди бездны
_fПер. с англ.
_gПод ред. В.Азова
210 _d1925
215 _a182, [1] с.
461 1 _1001RU\NLR\A1SV\82377
_12000#$vТ.22, кн.2
_910029225
_aЛондон, Д. (1876-1916)
_cМ.
_d1924-1927
_fДжек Лондон
_nЗемля и фабрика
_tПолное собрание сочинений
_vТ.22, кн.2
702 1 _aАзов
_bВ.
_f1873-1948
_gВладимир
801 0 _aRU
_bNLR
_c20070924
852 _aNLR
_j18/594-22-2
942 _cBOOK
980 _aA1SV
980 _aNB